Normal view
MARC view
- التربية والتعليم-التربية الخاصة-الدراسات
Entry Topical Term
001 - CONTROL NUMBER
- control field: 23183
003 - CONTROL NUMBER IDENTIFIER
- control field: JO-AjAnu
005 - DATE AND TIME OF LATEST TRANSACTION
- control field: 20230606074005.0
008 - FIXED-LENGTH DATA ELEMENTS
- fixed length control field: 230606|| aca||aabn | a|a d
040 ## - CATALOGING SOURCE
- Original cataloging agency: JO-AjAnu
- Transcribing agency: JO-AjAnu
150 ## - HEADING--TOPICAL TERM
- Topical term or geographic name entry element: التربية والتعليم-التربية الخاصة-الدراسات
670 ## - SOURCE DATA FOUND
- Source citation: Work cat.: (JO-AjAnu)11915: الروسان،فاروق, author 23182, دراسات وأبحاث في التربية الخاصة